000
00353pab a2200157 454500
008
180718b2002 xxu||||| |||| 00| 0 eng d
100
_a
Elliott, John
245
_a
Internationalising the media
260
_c
2002
300
_a
p.15.
362
_a
28 Jun
650
_a
Press
650
_a
Mass media
773
_a
Business Standard
909
_a
54295
999
_c
54295
_d
54295